| 000 | 01526nam a22001577a 4500 | ||
|---|---|---|---|
| 041 | _aukr | ||
| 080 | _a09 | ||
| 090 | _bКОВ | ||
| 100 | _aКовальчук Н. Ю. | ||
| 245 | _aЛінгвокультурні та національно-ментальні особливості мови англійської реклами у друкованих засобах масової інформації | ||
| 260 |
_aОстрог _bКАФ _c2012 |
||
| 300 | _a74 | ||
| 520 |
_aРОЗДІЛ 1 ОСОБЛИВОСТІ РЕКЛАМИ ТА РЕКЛАМНОГО ТЕКСТУ
1.1 Поняття "реклама". Її види, сутність та цілі
1.2 Загальна характеритсика та класифікація рекламних текстів
РОЗДІЛ 2 НАЦІОНАЛЬНО-МЕНТАЛЬНІ ОСОБЛИВОСТІ МОВИ АНГЛОМОВНОГО РЕКЛАМНОГО ТЕКСТУ
2.1 Поняття менталітет у контексті лінгвокультурології
2.2 Функції ментальності та рекламна комунікація
РОЗДІЛ 3 МОВА РЕКЛАМИ ТА ЇЇ ОСОБЛИВОСТІ
3.1 Особливості вживання рекламної лексики
3.2 Гіпербола в англомовних друкованих текстах
3.3 Основні засоби словотворення в рекламній лексиці _0Реклама, менталітет |
||
| 650 | _aResearch Papers | ||
| 999 |
_c285005 _d285005 |
||
| 942 | _cBK | ||